000 00586nam a22002057a 4500
999 _c7780
_d7780
003 OSt
005 20220303115301.0
008 220303b ||||| |||| 00| 0 eng d
020 _a9789814577373
040 _cDDC
082 _a658.4 PEA, 2015
100 _aPEARCE 11 JOHN A
_915851
245 _aSTRATEGIC MANAGEMENT
_bPLANNING FOR DOMESTIC AND GLOBAL COMPETITION
250 _a4TH ED
260 _aNEWYORK;
_bMCGRAW HILL
_c2015
300 _aXXI,440P;
_bILL COL;
_c25CM
504 _aINCLUDES CASES,GLOSSARY AND INDEX
650 _aSTRATEGIC MANAGEMENT
_94648
942 _2ddc
_cBOOK